| 000 | 00328nam a2200133Ia 4500 | ||
|---|---|---|---|
| 005 | 20260328104256.0 | ||
| 008 | 260328s9999||||xx |||||||||||||| ||und|| | ||
| 100 | _aCimorelli, Dario | ||
| 245 | 0 |
_aBruno Manari / _cDario Cimorelli |
|
| 260 | _bSilvana es | ||
| 300 | _a159 p. | ||
| 650 | _aDETALLES CONSTRUCTIVOS | ||
| 942 | _cBK | ||
| 999 |
_c10446 _d10446 |
||